| 000 | 00601nam a2200217 a 4500 | ||
|---|---|---|---|
| 005 | 20140310183156.0 | ||
| 008 | 021014s19uu xx 00 eng d | ||
| 020 | _a9812431561 | ||
| 050 |
_aQA 76 _b.P356 2002 |
||
| 100 | _aParsons, June Jamrich | ||
| 245 |
_aNew perspectives on computer concepts / _cJune Jamrich Parsons. |
||
| 250 | _a5th edition | ||
| 260 |
_aCainta, Rizal : _bJemma, Inc, _c2002. |
||
| 300 |
_a414 p. : _bill. ; _c25 cm. |
||
| 500 | _aW/ CD-ROM | ||
| 521 | _aIT | ||
| 650 | _aComputers | ||
| 650 | _aElectronic data processing | ||
| 942 |
_cBK _2lcc _kFOR |
||
| 999 |
_c19761 _d19761 |
||